|
|
|
|
| LEADER |
00000nam0a2200000 4500 |
| 001 |
210729 |
| 005 |
20231031192159.0 |
| 010 |
|
|
|a 9785917030258
|
| 035 |
|
|
|a (RuTPU)RU\TPU\book\230156
|
| 090 |
|
|
|a 210729
|
| 100 |
|
|
|a 20120301d2012 k y0rusy50 ca
|
| 101 |
1 |
|
|a rus
|c eng
|
| 102 |
|
|
|a RU
|
| 105 |
|
|
|a a z 001zy
|
| 200 |
1 |
|
|a Управление качеством литья под давлением
|e пер. с англ.
|f Дж. Гордон
|
| 205 |
|
|
|a 2-е изд.
|
| 210 |
|
|
|a СПб.
|c Научные основы и технологии
|d 2012
|
| 215 |
|
|
|a 824 с.
|c ил.
|
| 320 |
|
|
|a Библиогр.: с. 818-823.
|
| 330 |
|
|
|a Представляем путеводитель по управлению качеством процесса литья под давлением. Второе издание сохранило тот же простой, легкий для понимания язык, который сделал популярным первую книгу, и предлагает специалистам руководство по получению пластмассовых изделий отличного качества. Впервые в технической литературе использован подход, предлагающий сосредоточиться на каждом этапе процесса литья под давлением: начиная с анализа рынка и маркетинга к финансам, закупкам материала, конструированию формы, переработке материала, изготовлению деталей, сборке изделия, его отделке, упаковке и доставке до потребителя. В книге подробно рассмотрен каждый этап, чтобы показать, как повышение стандартов по отдельным операциям приводит к созданию первоклассных продуктов. В книге приведена подробная информация о путях совершенствования дизайна пластмассовых изделий. Рассмотрены проблемы с качеством материала, вопросы управления технологическими процессами, предложены методы анализа и устранения неисправностей. Особое внимание уделено система менеджмента качества 750 9000 и TS 16949. В книге, адресованной специалистам и руководителям предприятий, предложены проверенные методы для решения возникающих на производстве проблем, спосо бы повышения производительности и технологии, позволяющие обеспечить клиентов высококачественными изделиями.
|
| 606 |
1 |
|
|a Пластмассы
|x Литье под давлением
|2 stltpush
|3 (RuTPU)RU\TPU\subj\49103
|
| 610 |
1 |
|
|a качество
|
| 610 |
1 |
|
|a контроль
|
| 610 |
1 |
|
|a управление
|
| 610 |
1 |
|
|a потребители
|
| 610 |
1 |
|
|a удовлетворенность
|
| 610 |
1 |
|
|a СМК
|
| 610 |
1 |
|
|a система менеджмента качества
|
| 610 |
1 |
|
|a сырье
|
| 610 |
1 |
|
|a литьевые формы
|
| 610 |
1 |
|
|a перерабатывающее оборудование
|
| 610 |
1 |
|
|a вспомогательное оборудование
|
| 610 |
1 |
|
|a технологические процессы
|
| 610 |
1 |
|
|a испытание
|
| 610 |
1 |
|
|a упаковка
|
| 610 |
1 |
|
|a сборка
|
| 610 |
1 |
|
|a декорирование
|
| 610 |
1 |
|
|a изделия
|
| 610 |
1 |
|
|a компетентность
|
| 675 |
|
|
|a 678.5.02
|v 3
|
| 700 |
|
1 |
|a Гордон
|b Дж.
|g Джозеф
|
| 801 |
|
1 |
|a RU
|b 63413507
|c 20120301
|
| 801 |
|
2 |
|a RU
|b 63413507
|c 20120525
|g RCR
|
| 900 |
|
|
|a Управление качеством
|
| 942 |
|
|
|c BK
|
| 959 |
|
|
|a 36/20120301
|d 1
|e 2150,00
|f ЧЗТЛ:1
|